Một số vấn đề lí luận về kĩ năng ứng phó với các khó khăn tâm lí trong hoạt động /

Enregistré dans:
Détails bibliographiques
Auteur principal: Nguyễn Thị Huệ, TS.
Format: Article
Langue:Vietnamese
Sujets:
Tags: Ajouter un tag
Pas de tags, Soyez le premier à ajouter un tag!
Thư viện lưu trữ: Thư viện Trường Đại học Đà Lạt
LEADER 00801nam a2200253 4500
001 DLU150168962
005 ##20150420
040 # # |a DLU  |b vie 
041 # # |a vie 
044 # # |a vn 
100 # # |a Nguyễn Thị Huệ,   |c TS. 
245 # # |a Một số vấn đề lí luận về kĩ năng ứng phó với các khó khăn tâm lí trong hoạt động /  |c Nguyễn Thị Huệ. 
653 # # |a Kĩ năng ứng phó 
653 # # |a Khó khăn tâm lí 
773 # # |t Tạp chí Giáo Dục  |g Số 277(1), 1/ 2012, tr.12-14 
920 # # |a Phòng Tạp chí -- Trung tâm Thông tin - Thư viện Trường Đại học Đà Lạt 
994 # # |a DLU 
900 # # |a True 
911 # # |a Trần Thị Minh Hương 
925 # # |a G 
926 # # |a A 
927 # # |a BB 
980 # # |a Thư viện Trường Đại học Đà Lạt